01005nam a2200241 a 450000100100000000500170001000800410002704000250006804100380009308200200013124501460015126000480029730000210034553400590036650000410042550000420046665000650050865000650057365100320063870000340067070000310070470000280073500002507520200930023540.0110209s1972 mx r 000 0 spa d aDO-SdBNPbspacBNPHU17aspaheng2Código de idioma MARC a327.47072bU58s01aLa Unión Soviética y la América Latina /ccompilado por Joseph Gregory Oswald y Anthony J. Strover ; traducción de Alfonso Castaño. aMéxico, D. F. :bEditorial Letras,c1972. a248 p. ;c21 cm. aTítulo original:tThe Soviet Union and Latin America aIncluye referencias bibliográficas aIncluye notas al pie de las páginas 4aUnión soviéticaxRelaciones exterioreszAmérica Latina 4aAmérica latinaxRelaciones exterioreszUnión Soviética 4aCubaxPolítica Y Gobierno1 aOswald, Joseph Gregoryecomp.1 aStrover, Anthony J.ecomp.1 aCastaño, Alfonsoetr.